000
00256nam a22001217a 4500
003
SGT
082
_a
364.973
_b
LAR
100
_a
LARSSON STIEG
245
_a
THE GIRL WHO PLAYED
260
_a
USA
_b
VINTAGE CRIME
_c
2010
300
_a
630
942
_2
ddc
_c
BK
999
_c
33893
_d
33893